000 00474nam a2200181Ia 4500
008 100917s9999 xx 000 0 und d
082 _b30390
100 _aयादवाडकर प्रकाश
245 _aऍगथा
260 _bरंजना प्रकाशन
_c1973
300 _a140
365 _b5
520 _aकादंबरी
630 _aऍगथा
650 _aकादंबरी
730 _aऍगथा
942 _cBOOK
999 _c635784
_d635781